[Event "Quebec op U2400"]
[Site "Montreal CAN"]
[Date "2009.07.22"]
[Round "6"]
[White "Ibrahim, Anthony"]
[Black "Hebert, Jean"]
[Result "1/2-1/2"]
[WhiteElo "2172"]
[BlackElo "2399"]
[PlyCount "63"]
[GameId "2160767910155629"]
[EventDate "2009.07.18"]
[EventType "swiss"]
[EventRounds "9"]
[EventCountry "CAN"]
[SourceTitle "hb 2009.08"]

1. e4 e6 2. d4 d5 3. Nc3 Bb4 4. e5 Ne7 5. Bd2 c5 6. Nb5 Bxd2+ 7. Qxd2 O-O 8. f4 Nbc6 9. Nf3 cxd4 10. Nbxd4 f6 11. exf6 Rxf6 12. Bd3 Nxd4 13. Nxd4 Qd6 14. O-O Bd7 15. Rae1 Raf8 16. g3 Nc6 17. Nf3 h6 18. c3 Be8 19. Ne5 Nxe5 20. Rxe5 Qb6+ 21. Qf2 Qxf2+ 22. Rxf2 g5 23. f5 Bd7 24. g4 Kg7 25. h3 b6 26. fxe6 Bxe6 27. Rfe2 Bf7 28. Bf5 d4 29. cxd4 Bxa2 30. Kf2 Rd8 31. Ke3 Rf7 32. Rc2 1/2-1/2

[Event "Quebec op U2400"]
[Site "Montreal CAN"]
[Date "2009.07.23"]
[Round "7"]
[White "Hebert, Jean"]
[Black "Khassanov, Marat"]
[Result "1/2-1/2"]
[WhiteElo "2399"]
[BlackElo "2284"]
[PlyCount "80"]
[GameId "2160767910155642"]
[EventDate "2009.07.18"]
[EventType "swiss"]
[EventRounds "9"]
[EventCountry "CAN"]
[SourceTitle "hb 2009.08"]

1. c4 c6 2. e4 e5 3. Nf3 f5 4. exf5 e4 5. Qe2 Qe7 6. Nd4 Nf6 7. Nc3 Qe5 8. Nc2 d5 9. d4 Qxf5 10. Ne3 Qd7 11. cxd5 Bb4 12. dxc6 Nxc6 13. d5 Ne5 14. Qb5 a5 15. Bd2 O-O 16. a3 Bd6 17. Qxd7 Bxd7 18. Be2 Nd3+ 19. Bxd3 exd3 20. a4 Ng4 21. Nxg4 Bxg4 22. O-O Bb4 23. f3 Bf5 24. Rfe1 Rad8 25. Rac1 Rf7 26. Rcd1 h6 27. Kf2 Bxc3 28. Bxc3 Rxd5 29. Re8+ Rf8 30. Rxf8+ Kxf8 31. Ke3 Kf7 32. g4 Bd7 33. Bd4 Bxa4 34. Rxd3 Bc6 35. h4 a4 36. f4 Rb5 37. h5 Rb3 38. Rxb3 axb3 39. g5 hxg5 40. fxg5 g6 1/2-1/2

[Event "Quebec op U2400"]
[Site "Montreal CAN"]
[Date "2009.07.24"]
[Round "8"]
[White "Ramaswamy, Kishor"]
[Black "Hebert, Jean"]
[Result "1/2-1/2"]
[WhiteElo "2118"]
[BlackElo "2399"]
[PlyCount "38"]
[GameId "2160767910155660"]
[EventDate "2009.07.18"]
[EventType "swiss"]
[EventRounds "9"]
[EventCountry "CAN"]
[SourceTitle "hb 2009.08"]

1. d4 Nf6 2. Nf3 e6 3. Bg5 h6 4. Bh4 d6 5. Nbd2 g5 6. Bg3 Nh5 7. e4 Bg7 8. c3 Qe7 9. Bd3 Nd7 10. Qe2 a6 11. a4 b6 12. Nc4 Bb7 13. Nfd2 Nxg3 14. hxg3 d5 15. exd5 Bxd5 16. Be4 Nf6 17. Bxd5 Nxd5 18. Ne5 Bxe5 19. dxe5 a5 1/2-1/2

[Event "Quebec op U2400"]
[Site "Montreal CAN"]
[Date "2009.07.25"]
[Round "9"]
[White "Hebert, Jean"]
[Black "Luksza, Arkadiusz"]
[Result "0-1"]
[WhiteElo "2399"]
[BlackElo "2129"]
[PlyCount "100"]
[GameId "2160767910155664"]
[EventDate "2009.07.18"]
[EventType "swiss"]
[EventRounds "9"]
[EventCountry "CAN"]
[SourceTitle "hb 2009.08"]

1. d4 g6 2. e4 Bg7 3. Nc3 d6 4. Nf3 Nf6 5. h3 O-O 6. Be3 c6 7. Qd2 Qa5 8. Bd3 Nbd7 9. O-O e5 10. Rfe1 Re8 11. Rad1 Nf8 12. d5 c5 13. Rb1 a6 14. a3 Qc7 15. b4 c4 16. Be2 b5 17. Nh2 Kh8 18. g4 Ng8 19. a4 Bd7 20. Ra1 Qd8 21. Ra3 Rb8 22. axb5 axb5 23. Ra6 Bc8 24. Ra5 f5 25. f3 Bd7 26. Rea1 Re7 27. Kg2 Rf7 28. Ra7 Ne7 29. Bg5 Bf6 30. Bxf6+ Rxf6 31. f4 fxg4 32. fxe5 gxh3+ 33. Kh1 dxe5 34. Qg5 Nc8 35. Qxe5 Nxa7 36. Rxa7 Rbb6 37. Qd4 Qb8 38. e5 Qxa7 39. exf6 h6 40. Ne4 Rb7 41. Qe5 Qb8 42. Qc3 Kh7 43. f7 Rb6 44. Bf3 Qf4 45. Qe1 Qxf7 46. Qh4 Kg7 47. Nc5 Qf6 48. Qe1 Rb8 49. c3 Re8 50. Qd2 Qh4 0-1

[Event "Sherbrooke op"]
[Site "Sherbrooke CAN"]
[Date "2009.05.24"]
[Round "5"]
[White "Regan, Kenneth"]
[Black "Hebert, Jean"]
[Result "1-0"]
[WhiteElo "2391"]
[BlackElo "2438"]
[PlyCount "103"]
[GameId "2160767910156636"]
[EventDate "2009.05.22"]
[EventType "swiss"]
[EventRounds "5"]
[EventCountry "CAN"]

1. e4 c5 2. c3 e6 3. d4 Nf6 4. e5 Nd5 5. Nf3 cxd4 6. cxd4 b6 7. Nc3 Bb7 8. Bd3 Be7 9. h4 Nxc3 10. bxc3 Qc7 11. Bd2 d6 12. Qe2 Nd7 13. exd6 Bxd6 14. O-O O-O 15. Rac1 h6 16. Rfe1 Rad8 17. Bb1 Rfe8 18. Qd3 f5 19. Qe2 Nf6 20. Ne5 Be4 21. f3 Bxb1 22. Rxb1 Bxe5 23. Qxe5 Qxe5 24. Rxe5 Rc8 25. a4 Kf7 26. a5 Nd5 27. axb6 axb6 28. Kf2 Re7 29. g4 fxg4 30. fxg4 Ra7 31. Rb3 Ra2 32. Re2 Rc2 33. Ke1 Ra2 34. Rf2+ Ke8 35. h5 Ra1+ 36. Ke2 Rg1 37. Kf3 Kd7 38. Rg2 Rf8+ 39. Kg3 Rd1 40. c4 Nf6 41. Kf4 Nxh5+ 42. Ke5 Nf6 43. Rxb6 Rc8 44. Rb7+ Ke8 45. Rxg7 Nd7+ 46. Kxe6 Nf8+ 47. Kd5 Rd8+ 48. Kc6 Rxd4 49. Re2+ Ne6 50. Rxe6+ Kf8 51. Bxh6 Rxc4+ 52. Kb5 1-0

[Event "Mauricie op"]
[Site "Trois-Rivieres CAN"]
[Date "2009.03.20"]
[Round "1"]
[White "Qin, Zi Yi (Joey)"]
[Black "Hebert, Jean"]
[Result "1/2-1/2"]
[WhiteElo "2226"]
[BlackElo "2441"]
[PlyCount "107"]
[GameId "2160767910223071"]
[EventDate "2009.03.20"]
[EventType "swiss"]
[EventRounds "5"]
[EventCountry "CAN"]

1. e4 d6 2. d4 g6 3. Nc3 c6 4. Be3 Bg7 5. Qd2 b5 6. O-O-O Nd7 7. f3 Nb6 8. b3 a5 9. g4 a4 10. h4 h5 11. gxh5 Rxh5 12. Bh3 axb3 13. cxb3 Nf6 14. Nce2 Rh8 15. Nf4 Qc7 16. Kb1 Bxh3 17. Ngxh3 Qd7 18. Qc2 Qb7 19. Bf2 Nh5 20. Nxh5 Rxh5 21. Nf4 Nc4 22. bxc4 bxc4+ 23. Ka1 Rha5 24. Qxc4 Ra4 25. Qc2 c5 26. Rd2 cxd4 27. Nd3 Rxa2+ 28. Qxa2 Rxa2+ 29. Kxa2 Bh6 30. Rdd1 Qa6+ 31. Kb3 e5 32. Rhe1 Bf8 33. f4 Qb5+ 34. Kc2 Qc4+ 35. Kb2 Qc3+ 36. Kb1 Qb3+ 37. Nb2 Qf3 38. Nd3 f6 39. Kc2 Bh6 40. fxe5 fxe5 41. Ra1 Bf8 42. Ra7 Be7 43. Kd2 Bd8 44. Ra8 Kd7 45. Rea1 Qxe4 46. R1a7+ Ke8 47. Rc8 Qf3 48. Raa8 e4 49. Rxd8+ Ke7 50. Re8+ Kd7 51. Rad8+ Kc7 52. Rc8+ Kd7 53. Rxe4 Qxe4 54. Rc4 1/2-1/2

[Event "Mauricie op"]
[Site "Trois-Rivieres CAN"]
[Date "2009.03.21"]
[Round "2"]
[White "Hebert, Jean"]
[Black "Szalay, Karoly"]
[Result "1-0"]
[WhiteElo "2441"]
[BlackElo "2236"]
[PlyCount "67"]
[GameId "2160767910223088"]
[EventDate "2009.03.20"]
[EventType "swiss"]
[EventRounds "5"]
[EventCountry "CAN"]
[SourceTitle "hb 2009.04"]

1. d4 d5 2. Nf3 e6 3. c4 c6 4. e3 Nf6 5. Nc3 Nbd7 6. Qc2 Bd6 7. b3 O-O 8. Be2 Re8 9. O-O a6 10. Rd1 Qe7 11. Bb2 dxc4 12. bxc4 e5 13. d5 e4 14. dxc6 bxc6 15. Nd4 Qe5 16. g3 Bb7 17. Nb3 Qe7 18. Na5 Rab8 19. Na4 Bc7 20. Nxb7 Rxb7 21. Rab1 Reb8 22. c5 Nd5 23. Bd4 Nb4 24. Qc4 Be5 25. Bxe5 Qxe5 26. Rxd7 Rxd7 27. Rxb4 Rbd8 28. Nc3 Rd2 29. Nxe4 a5 30. Nxd2 axb4 31. Nf3 Qb2 32. Ng5 Qf6 33. Ne4 Qe7 34. Qxb4 1-0

[Event "Mauricie op"]
[Site "Trois-Rivieres CAN"]
[Date "2009.03.21"]
[Round "3"]
[White "Libersan, Thierry"]
[Black "Hebert, Jean"]
[Result "0-1"]
[WhiteElo "2117"]
[BlackElo "2441"]
[PlyCount "102"]
[GameId "2160767910223107"]
[EventDate "2009.03.20"]
[EventType "swiss"]
[EventRounds "5"]
[EventCountry "CAN"]
[SourceTitle "EXT 2011"]
[Source "ChessBase"]
[SourceDate "2011.11.26"]
[SourceVersion "1"]
[SourceVersionDate "2011.11.26"]
[SourceQuality "1"]

1. e4 e6 2. d4 d5 3. Nc3 Bb4 4. e5 c5 5. a3 Bxc3+ 6. bxc3 Ne7 7. Nf3 Qa5 8. Bd2 Nbc6 9. Bd3 c4 10. Bf1 h6 11. h4 Bd7 12. g3 O-O-O 13. h5 Rhf8 14. Nh4 f6 15. f4 fxe5 16. fxe5 Rf7 17. Bh3 Rdf8 18. Rf1 Rxf1+ 19. Bxf1 Nd8 20. Qg4 Rf7 21. Bh3 Ba4 22. Kd1 Qb5 23. Kc1 Qe8 24. Bf4 a5 25. Kd2 b5 26. Qe2 Qg8 27. Qg4 Qe8 28. Qe2 Qc6 29. Rf1 b4 30. axb4 axb4 31. Ra1 bxc3+ 32. Kxc3 Qb5 33. Kd2 Qb4+ 34. Kc1 Nec6 35. Bd2 c3 36. Qa6+ Kc7 37. Qxa4 cxd2+ 38. Kd1 Qxd4 39. Qxd4 Nxd4 40. Ra7+ Kc6 41. Rxf7 Nxf7 42. Ng6 Ng5 43. Bg2 Nf5 44. Kxd2 Nxg3 45. Nf4 Kc5 46. Kc3 Nf5 47. Nd3+ Kb5 48. Kd2 Ng3 49. Nf4 Kc4 50. c3 d4 51. cxd4 Kxd4 0-1

[Event "Mauricie op"]
[Site "Trois-Rivieres CAN"]
[Date "2009.03.22"]
[Round "4"]
[White "Hebert, Jean"]
[Black "Sambuev, Bator"]
[Result "0-1"]
[WhiteElo "2441"]
[BlackElo "2495"]
[PlyCount "84"]
[GameId "2160767910223119"]
[EventDate "2009.03.20"]
[EventType "swiss"]
[EventRounds "5"]
[EventCountry "CAN"]
[SourceTitle "EXT 2011"]
[Source "ChessBase"]
[SourceDate "2011.11.26"]
[SourceVersion "1"]
[SourceVersionDate "2011.11.26"]
[SourceQuality "1"]

1. Nf3 Nf6 2. c4 e6 3. d4 c5 4. d5 b5 5. dxe6 fxe6 6. cxb5 d5 7. g3 Bd6 8. Bg2 O-O 9. O-O Bb7 10. b4 c4 11. Nd4 Qe8 12. a3 Nbd7 13. Nc3 Nb6 14. Bg5 Qh5 15. Bxf6 Rxf6 16. e3 Qf7 17. f4 e5 18. Nc6 e4 19. Nd4 Qd7 20. Qd2 a6 21. bxa6 Rxa6 22. Rfd1 Be7 23. Nc2 Rd6 24. b5 Ra5 25. Nd4 Rh6 26. Qb2 Na4 27. Qc2 Nxc3 28. Qxc3 Ra4 29. Rdb1 Rb6 30. Rd1 Qc8 31. Ra2 Qc5 32. Nc2 Bf6 33. Qd2 c3 34. Qe2 Rxb5 35. g4 g6 36. g5 Bg7 37. Bh3 Rb2 38. Rda1 d4 39. exd4 Rxd4 40. Be6+ Kf8 41. Kf1 Rd2 42. Qe3 Ba6+ 0-1

[Event "Quebec-ch playoff"]
[Site "Montreal CAN"]
[Date "2009.01.05"]
[Round "1"]
[White "Hebert, Jean"]
[Black "Barbeau, Sylvain"]
[Result "1/2-1/2"]
[WhiteElo "2441"]
[BlackElo "2408"]
[PlyCount "107"]
[GameId "2160767910281775"]
[EventDate "2009.01.05"]
[EventType "match"]
[EventRounds "3"]
[EventCountry "CAN"]
[SourceTitle "EXT 2011"]
[Source "ChessBase"]
[SourceDate "2011.11.26"]
[SourceVersion "1"]
[SourceVersionDate "2011.11.26"]
[SourceQuality "1"]

1. d4 Nf6 2. c4 g6 3. Nc3 d5 4. Nf3 Bg7 5. Bg5 dxc4 6. Qa4+ Nbd7 7. Rd1 O-O 8. Qxc4 c6 9. e4 h6 10. Bc1 Nb6 11. Qb3 Be6 12. Qc2 Qc7 13. Be2 Rad8 14. b3 Bg4 15. O-O Bxf3 16. Bxf3 e5 17. dxe5 Qxe5 18. Bb2 Qg5 19. e5 Ng4 20. Ne4 Qf4 21. Bxg4 Qxg4 22. Nc5 Rde8 23. h3 Qc8 24. Ne4 Qf5 25. Ba3 Rxe5 26. Bxf8 Bxf8 27. f3 Nd5 28. Qf2 b6 29. Rc1 Qe6 30. Kh1 f5 31. Nc3 Bc5 32. Qh4 g5 33. Qc4 Ne3 34. Qxe6+ Rxe6 35. Rfe1 Kf7 36. Nd1 f4 37. Nf2 Ba3 38. Rb1 a5 39. Ne4 Kg6 40. Re2 Bb4 41. g3 Nd5 42. g4 Ne3 43. Kg1 c5 44. a4 Re5 45. Kf2 Rd5 46. Rxe3 fxe3+ 47. Kxe3 Rd4 48. Rc1 Ba3 49. Rc2 Rb4 50. Nd2 b5 51. axb5 Rxb5 52. Rc3 Bb4 53. Rd3 Bxd2+ 54. Kxd2 1/2-1/2

[Event "Quebec-ch playoff"]
[Site "Montreal CAN"]
[Date "2009.01.05"]
[Round "2"]
[White "Barbeau, Sylvain"]
[Black "Hebert, Jean"]
[Result "1/2-1/2"]
[WhiteElo "2408"]
[BlackElo "2441"]
[PlyCount "83"]
[GameId "2160767910281776"]
[EventDate "2009.01.05"]
[EventType "match"]
[EventRounds "3"]
[EventCountry "CAN"]
[SourceTitle "EXT 2011"]
[Source "ChessBase"]
[SourceDate "2011.11.26"]
[SourceVersion "1"]
[SourceVersionDate "2011.11.26"]
[SourceQuality "1"]

1. e4 e6 2. d4 d5 3. e5 c5 4. c3 Nc6 5. Nf3 Bd7 6. Be2 f6 7. O-O fxe5 8. Nxe5 Nxe5 9. dxe5 Qc7 10. c4 d4 11. Bd3 O-O-O 12. Bf4 Ne7 13. Nd2 g5 14. Bxg5 Qxe5 15. Ne4 Rg8 16. Bh4 Qg7 17. Nd6+ Kc7 18. Bg3 e5 19. Nb5+ Bxb5 20. cxb5 Ng6 21. Bc4 Rh8 22. a4 h5 23. h3 Bd6 24. a5 Kb8 25. Re1 Qf6 26. a6 b6 27. Qd3 Rd7 28. Qe4 h4 29. Bh2 Rf8 30. Kh1 Nf4 31. Ra3 Qg6 32. Qxg6 Nxg6 33. Kg1 Rg7 34. Re4 Nf4 35. Bxf4 Rxf4 36. Rxf4 exf4 37. Kf1 Kc7 38. Rd3 Re7 39. Rd2 f3 40. gxf3 Bf4 41. Rd1 Kd6 42. Re1 1/2-1/2

[Event "Quebec-ch playoff"]
[Site "Montreal CAN"]
[Date "2009.01.05"]
[Round "3"]
[White "Hebert, Jean"]
[Black "Barbeau, Sylvain"]
[Result "1-0"]
[WhiteElo "2441"]
[BlackElo "2408"]
[PlyCount "137"]
[GameId "2160767910281777"]
[EventDate "2009.01.05"]
[EventType "match"]
[EventRounds "3"]
[EventCountry "CAN"]
[SourceTitle "EXT 2011"]
[Source "ChessBase"]
[SourceDate "2011.11.26"]
[SourceVersion "1"]
[SourceVersionDate "2011.11.26"]
[SourceQuality "1"]

1. Nf3 Nf6 2. c4 c5 3. Nc3 e6 4. e3 a6 5. d4 d5 6. a3 Nc6 7. cxd5 exd5 8. Be2 Bd6 9. dxc5 Bxc5 10. O-O O-O 11. b4 Ba7 12. Bb2 d4 13. exd4 Nxd4 14. Nxd4 Qxd4 15. Bf3 Qxd1 16. Rfxd1 Rb8 17. h3 Be6 18. Ne2 b5 19. Rd6 Rb6 20. Rad1 Ne8 21. Rd8 Rb8 22. Nf4 Bc4 23. R8d7 Bb6 24. Be5 Nf6 25. Bxf6 gxf6 26. Bd5 Rbc8 27. Nh5 Bxd5 28. R7xd5 Rc2 29. Nxf6+ Kg7 30. Nh5+ Kh8 31. R5d2 Rc3 32. Rd3 Rc2 33. Rf3 h6 34. Nf6 Rfc8 35. Nd5 Rc1 36. Rxc1 Rxc1+ 37. Kh2 Bd4 38. Rxf7 Ra1 39. Rf3 Bb2 40. Nc7 Bxa3 41. Nxa6 Bb2 42. Nc5 Bd4 43. Nd3 Ra3 44. h4 Kg7 45. h5 Rb3 46. Kh3 Bf6 47. Kg4 Be7 48. Re3 Bxb4 49. Nxb4 Rxb4+ 50. f4 Rb2 51. g3 b4 52. Re7+ Kg8 53. Kf5 Rc2 54. Rb7 Rc5+ 55. Kf6 Rc6+ 56. Ke7 Rc3 57. g4 Rc4 58. g5 Rxf4 59. g6 Rh4 60. Kf6 Rf4+ 61. Ke5 Rh4 62. Kf6 Rf4+ 63. Ke6 Rh4 64. Rb5 Kg7 65. Rf5 b3 66. Rb5 b2 67. Rb7+ Kg8 68. Rxb2 Rxh5 69. Kf6 1-0

[Event "Quebec-ch"]
[Site "Montreal CAN"]
[Date "2008.12.03"]
[Round "1"]
[White "Hebert, Jean"]
[Black "Masse, Hugues"]
[Result "1-0"]
[WhiteElo "2424"]
[BlackElo "2278"]
[PlyCount "89"]
[GameId "2160767910285995"]
[EventDate "2008.12.03"]
[EventType "tourn"]
[EventRounds "7"]
[EventCountry "CAN"]
[SourceTitle "EXT 2011"]
[Source "ChessBase"]
[SourceDate "2011.11.26"]
[SourceVersion "1"]
[SourceVersionDate "2011.11.26"]
[SourceQuality "1"]

1. Nf3 Nf6 2. c4 g6 3. Nc3 d5 4. cxd5 Nxd5 5. Qa4+ Bd7 6. Qb3 Nb6 7. Ng5 e6 8. d4 Nc6 9. Nf3 Bg7 10. e3 O-O 11. Be2 a5 12. O-O a4 13. Qd1 e5 14. d5 Na5 15. e4 Nac4 16. Rb1 Nd6 17. Be3 Nbc4 18. Bc5 Re8 19. b3 axb3 20. axb3 Na3 21. Ra1 Nab5 22. Nxb5 Rxa1 23. Qxa1 Nxb5 24. Rc1 f6 25. Be3 Bf8 26. Nd2 Qa8 27. Qxa8 Rxa8 28. f3 Bd6 29. Nc4 Bb4 30. f4 Bc3 31. fxe5 fxe5 32. Nb6 Bd4 33. Bxd4 Nxd4 34. Rxc7 Ra1+ 35. Kf2 Ra2 36. Nxd7 Rxe2+ 37. Kf1 Kf7 38. Rxb7 Ke8 39. Nf6+ Kd8 40. d6 Rc2 41. Rxh7 Rc1+ 42. Kf2 Rc2+ 43. Ke3 Kc8 44. d7+ Kc7 45. Rh8 1-0

[Event "Quebec-ch"]
[Site "Montreal CAN"]
[Date "2008.12.04"]
[Round "2"]
[White "Hebert, Jean"]
[Black "Prahov, Valentin"]
[Result "1/2-1/2"]
[WhiteElo "2424"]
[BlackElo "2126"]
[PlyCount "55"]
[GameId "2160767910285999"]
[EventDate "2008.12.03"]
[EventType "tourn"]
[EventRounds "7"]
[EventCountry "CAN"]
[SourceTitle "EXT 2011"]
[Source "ChessBase"]
[SourceDate "2011.11.26"]
[SourceVersion "1"]
[SourceVersionDate "2011.11.26"]
[SourceQuality "1"]

1. e4 d6 2. d4 g6 3. Nc3 c6 4. Bc4 Bg7 5. Nf3 Nf6 6. e5 dxe5 7. Nxe5 O-O 8. O-O Nd5 9. Qf3 Be6 10. Nxd5 cxd5 11. Bb3 Nc6 12. Nxc6 bxc6 13. c3 Qd7 14. Bf4 Rfe8 15. Rfe1 f6 16. h4 Bf7 17. Qg3 Qf5 18. Re2 e5 19. dxe5 fxe5 20. Bg5 Be6 21. Bc2 Qg4 22. Qxg4 Bxg4 23. f3 Be6 24. Ba4 Rac8 25. Rae1 Bd7 26. Be3 Rb8 27. Bc5 Re6 28. b4 1/2-1/2

[Event "Quebec-ch"]
[Site "Montreal CAN"]
[Date "2008.12.05"]
[Round "3"]
[White "Hebert, Jean"]
[Black "Ramaswamy, Kishor"]
[Result "1-0"]
[WhiteElo "2424"]
[BlackElo "2196"]
[PlyCount "90"]
[GameId "2160767910286002"]
[EventDate "2008.12.03"]
[EventType "tourn"]
[EventRounds "7"]
[EventCountry "CAN"]
[SourceTitle "EXT 2011"]
[Source "ChessBase"]
[SourceDate "2011.11.26"]
[SourceVersion "1"]
[SourceVersionDate "2011.11.26"]
[SourceQuality "1"]

1. c4 c6 2. d4 d5 3. Nf3 Nf6 4. Nc3 e6 5. e3 Be7 6. Qc2 Nbd7 7. b3 O-O 8. Bd3 Qc7 9. Bb2 g6 10. Rc1 dxc4 11. bxc4 b6 12. O-O Bb7 13. Rfd1 Rac8 14. Be2 Rfd8 15. h3 Bf8 16. e4 c5 17. d5 e5 18. Rb1 Ne8 19. Nb5 Qb8 20. a4 f6 21. a5 Nd6 22. Bc3 Ba6 23. Nxd6 Qxd6 24. Ra1 Ra8 25. Rdb1 Rdb8 26. Rb2 Be7 27. h4 Bd8 28. Nd2 bxa5 29. Rba2 Bc8 30. Bxa5 Bxa5 31. Rxa5 a6 32. Nb1 Rb4 33. Bg4 Nb6 34. Be2 Rb8 35. Nd2 Na8 36. Qc3 Nc7 37. Qe3 Rb2 38. Nf1 f5 39. Bf3 f4 40. Qxc5 Qd8 41. R5a2 Ne8 42. Rxb2 Rxb2 43. Qa3 Qb6 44. c5 Qb5 45. Qc3 Rb3 1-0

[Event "Quebec-ch"]
[Site "Montreal CAN"]
[Date "2008.12.06"]
[Round "4"]
[White "Hebert, Jean"]
[Black "Barbeau, Sylvain"]
[Result "1/2-1/2"]
[WhiteElo "2424"]
[BlackElo "2378"]
[PlyCount "161"]
[GameId "2160767910286006"]
[EventDate "2008.12.03"]
[EventType "tourn"]
[EventRounds "7"]
[EventCountry "CAN"]
[SourceTitle "EXT 2011"]
[Source "ChessBase"]
[SourceDate "2011.11.26"]
[SourceVersion "1"]
[SourceVersionDate "2011.11.26"]
[SourceQuality "1"]

1. e4 c5 2. Nf3 Nc6 3. Bb5 d6 4. Bxc6+ bxc6 5. O-O Bg4 6. c3 e6 7. h3 Bh5 8. Re1 Nf6 9. d3 Be7 10. Nbd2 O-O 11. Qa4 Qc7 12. b3 d5 13. Ba3 Rfd8 14. Rac1 a5 15. exd5 Nxd5 16. Ne5 Bg5 17. Rc2 Nxc3 18. Qxc6 Qxc6 19. Nxc6 Rxd3 20. Nc4 Nd5 21. Bxc5 a4 22. bxa4 Bd1 23. Rb2 Bxa4 24. N6e5 Rc3 25. Bd4 Rc2 26. a3 Rxb2 27. Bxb2 Be7 28. Bc1 f6 29. Nf3 Rc8 30. Nb2 Bd7 31. a4 Bb4 32. Bd2 Bd6 33. Ra1 e5 34. Nd1 e4 35. Ne1 Be5 36. Ra2 Rb8 37. Ne3 Nc3 38. Rc2 Ne2+ 39. Kf1 Nd4 40. Rc4 Ra8 41. Bc3 Rxa4 42. Rxa4 Bxa4 43. g3 Bb5+ 44. Kg2 Nf3 45. Bb4 Nxe1+ 46. Bxe1 Be2 47. Bd2 h5 48. Nf1 Bd4 49. Kg1 Kf7 50. Be3 Be5 51. Nd2 Bd3 52. Kg2 g5 53. f3 exf3+ 54. Nxf3 Bd6 55. h4 gxh4 56. Nxh4 Ke6 57. Kf3 Bc2 58. Kf2 Kd5 59. Bb6 Ke4 60. Ba7 Bd1 61. Bb6 Bg4 62. Ng2 Bd7 63. Nh4 Be8 64. Ba7 Be7 65. Bb6 f5 66. Ng2 Bg5 67. Bc5 Ba4 68. Bb6 Bd1 69. Bc5 Bg4 70. Bb6 Bh3 71. Bc5 Bg4 72. Bb6 Bf6 73. Bc5 Bh3 74. Bb6 Bxg2 75. Kxg2 Bd4 76. Bc7 Ke3 77. Bf4+ Ke2 78. Bc7 Be3 79. Bd6 Bf2 80. Bc7 Bxg3 81. Kxg3 1/2-1/2

[Event "Quebec-ch"]
[Site "Montreal CAN"]
[Date "2008.12.07"]
[Round "5"]
[White "Hebert, Jean"]
[Black "Kraiouchkine, Nikita"]
[Result "1-0"]
[WhiteElo "2424"]
[BlackElo "2285"]
[PlyCount "65"]
[GameId "2160767910286010"]
[EventDate "2008.12.03"]
[EventType "tourn"]
[EventRounds "7"]
[EventCountry "CAN"]
[SourceTitle "EXT 2011"]
[Source "ChessBase"]
[SourceDate "2011.11.26"]
[SourceVersion "1"]
[SourceVersionDate "2011.11.26"]
[SourceQuality "1"]

1. Nf3 d5 2. c4 c6 3. d4 Nf6 4. Nc3 dxc4 5. a4 e6 6. e3 c5 7. Bxc4 cxd4 8. exd4 Nc6 9. O-O Be7 10. Qe2 O-O 11. Rd1 Nb4 12. Ne5 Bd7 13. Bg5 Bc6 14. a5 Nfd5 15. Bxe7 Qxe7 16. Ne4 Rfd8 17. Ra3 Rac8 18. Rg3 f6 19. Nxc6 bxc6 20. Nc5 Rd6 21. Re1 Re8 22. Rb3 Qc7 23. Qd2 Kh8 24. g3 h6 25. Rxb4 Nxb4 26. Qxb4 Rxd4 27. Nxe6 Qe7 28. Qc3 Rd6 29. Re3 Rd1+ 30. Kg2 Qd6 31. Ng5 Qd7 32. Rxe8+ Qxe8 33. Nf7+ 1-0

[Event "Quebec-ch"]
[Site "Montreal CAN"]
[Date "2008.12.09"]
[Round "6"]
[White "Jiang, Louie"]
[Black "Hebert, Jean"]
[Result "0-1"]
[WhiteElo "2170"]
[BlackElo "2424"]
[PlyCount "88"]
[GameId "2160767910286015"]
[EventDate "2008.12.03"]
[EventType "tourn"]
[EventRounds "7"]
[EventCountry "CAN"]
[SourceTitle "EXT 2011"]
[Source "ChessBase"]
[SourceDate "2011.11.26"]
[SourceVersion "1"]
[SourceVersionDate "2011.11.26"]
[SourceQuality "1"]

1. e4 c5 2. Nf3 Nc6 3. d4 cxd4 4. Nxd4 e5 5. Nb5 d6 6. N1c3 a6 7. Na3 b5 8. Nd5 Nce7 9. c4 Nxd5 10. Qxd5 Be6 11. Qd1 bxc4 12. Bxc4 Nf6 13. Bg5 Qa5+ 14. Bd2 Qb6 15. Bxe6 fxe6 16. Qa4+ Kf7 17. Bc3 Be7 18. O-O Rhc8 19. Rae1 Qc6 20. Qxc6 Rxc6 21. f3 Rac8 22. Rd1 Nd7 23. Nc2 Nc5 24. Nb4 Rb6 25. Nd3 Na4 26. Ba5 Rb5 27. b4 Bg5 28. f4 exf4 29. Nxf4 Ke7 30. Rde1 Bf6 31. Rc1 Nc3 32. a4 Rbb8 33. b5 Nxe4 34. Rxc8 Bd4+ 35. Kh1 Rxc8 36. Nd3 axb5 37. axb5 Ra8 38. Bb4 Rb8 39. Rf4 Rf8 40. g3 Rxf4 41. gxf4 Kd7 42. Kg2 Nf6 43. Kf3 Nd5 44. Ba5 Bc3 0-1

[Event "Quebec-ch"]
[Site "Montreal CAN"]
[Date "2008.12.10"]
[Round "7"]
[White "Hebert, Jean"]
[Black "Voskanyan, Vahagn"]
[Result "1-0"]
[WhiteElo "2424"]
[BlackElo "2235"]
[PlyCount "103"]
[GameId "2160767910286018"]
[EventDate "2008.12.03"]
[EventType "tourn"]
[EventRounds "7"]
[EventCountry "CAN"]
[SourceTitle "EXT 2011"]
[Source "ChessBase"]
[SourceDate "2011.11.26"]
[SourceVersion "1"]
[SourceVersionDate "2011.11.26"]
[SourceQuality "1"]

1. d4 d5 2. c4 e6 3. Nc3 c5 4. e3 Nf6 5. Nf3 Nc6 6. a3 dxc4 7. Bxc4 Be7 8. O-O O-O 9. dxc5 Bxc5 10. Qe2 a6 11. b4 Bd6 12. Bb2 Qe7 13. Rfd1 b5 14. Bd3 Bb7 15. Ne4 Nxe4 16. Bxe4 f5 17. Bc2 Rad8 18. e4 h6 19. Re1 Qf7 20. Rad1 Kh8 21. exf5 exf5 22. Qe6 Qxe6 23. Rxe6 Bf4 24. g3 Rxd1+ 25. Bxd1 Rd8 26. Bb3 Rd3 27. Re8+ Kh7 28. Bc2 Rd8 29. Rxd8 Nxd8 30. Nh4 Bg5 31. Nxf5 Bf6 32. Bxf6 gxf6 33. f4 h5 34. Kf2 Kg6 35. Ke3 Kf7 36. Nd6+ Ke6 37. Nxb7 Nxb7 38. Kd4 f5 39. Bb3+ Ke7 40. Bd1 h4 41. gxh4 Kf6 42. Bf3 Nd6 43. Bd5 Ne8 44. h5 Nd6 45. h6 Kg6 46. Ke5 Nc8 47. Be6 Nb6 48. Bxf5+ Kxh6 49. Be6 Kg7 50. f5 Na4 51. f6+ Kf8 52. h4 1-0

[Event "Ahuntsic op"]
[Site "Montreal CAN"]
[Date "2008.11.29"]
[Round "1"]
[White "Hebert, Jean"]
[Black "Gueorguiev, Valentin"]
[Result "1-0"]
[WhiteElo "2424"]
[BlackElo "1757"]
[PlyCount "73"]
[GameId "2160767910286024"]
[EventDate "2008.11.29"]
[EventType "swiss (rapid)"]
[EventRounds "5"]
[EventCountry "CAN"]
[SourceTitle "EXT 2011"]
[Source "ChessBase"]
[SourceDate "2011.11.26"]
[SourceVersion "1"]
[SourceVersionDate "2011.11.26"]
[SourceQuality "1"]

1. Nf3 g6 2. e4 Bg7 3. d4 c5 4. d5 d6 5. c4 Nf6 6. Nc3 a6 7. h3 b6 8. Bd3 Ra7 9. O-O O-O 10. Bf4 Nh5 11. Bh2 Nd7 12. g4 Nhf6 13. Re1 Ne8 14. Bf1 Rb7 15. a4 Ne5 16. Nd2 f6 17. f4 Nf7 18. Nf3 Bd7 19. Qd2 Nc7 20. e5 fxe5 21. fxe5 dxe5 22. Nxe5 Nxe5 23. Bxe5 Ne8 24. Qg5 Nf6 25. Bg2 Bc8 26. Re2 Ra7 27. Rae1 Bb7 28. Qe3 Ba8 29. a5 Rd7 30. Na4 Rd6 31. axb6 Rxb6 32. Nxb6 Qxb6 33. g5 Nh5 34. Bxg7 Kxg7 35. Qxe7+ Kg8 36. Qxf8+ Kxf8 37. Re8+ 1-0